000 00603nam a2200229Ia 4500
003 OSt
005 20221007071418.0
006 a|||||r|||| 00| 0
007 ta
008 221006b |||||||| |||| 00| 0 eng d
024 _a15,340
037 _cTextual
040 _aFLL
_cFLL
_beng
041 _2eng
_aeng
082 _aX4:Z3qN68, K9
100 _aSmith Powell Au.
_9688724
245 0 _aTransport act 1968
260 _aLondon
_bButterworths London
_c1969
300 _aiv,290p
_ccm.
942 _hX4:Z3qN68, K9
_cTEXL
_2CC
999 _c1143282
_d1143282